| 000 | 00746nam a2200289Ia 4500 | ||
|---|---|---|---|
| 001 | Z_874 | ||
| 003 | CHAP | ||
| 008 | 220113s1987 xx 000 0 und d | ||
| 010 | _a163537 | ||
| 040 | _cCHAP | ||
| 082 | _a443.6 D5 | ||
| 100 | _a | ||
| 245 |
_aDictionnaire moderne Francais-Espagnol / _cby Ramón García Pelayo y Gross |
||
| 260 |
_aParis : _bLarousse, _c1987 |
||
| 300 | _a976 p. | ||
| 440 | _aCollectión saturne | ||
| 500 | _a | ||
| 503 | _a148690 | ||
| 650 |
_aEspañol _xDiccionarios _xFrancés I. García _xPelayo Gross, Ramón II. Testas, Jean _9137701 |
||
| 650 |
_aFrancés _xDiccionarios _xEspañol _943001 |
||
| 901 | _a443.6 D5 | ||
| 902 | _aA | ||
| 910 | _a1987 | ||
| 942 | _c1 | ||
| 942 | _cc1 | ||
| 999 |
_c163537 _d163537 |
||